Rozpoznaj kolędę po fragmencie tekstu - Statystyki

Ogólne statystyki
  • Ten quiz został rozwiązany 52 razy
  • Średni wynik to 8 z 16
Statystyki odpowiedzi
Wskazówka Odpowiedź % Poprawnych
Podnieś rękę, Boże Dziecię! Błogosław ojczyznę miłą Bóg się rodzi
81%
Zamknijże znużone płaczem powieczki,Utulże zemdlone łkaniem usteczki Lulajże Jezuniu
74%
Pasterze śpiewają, bydlęta klękająCuda, cuda ogłaszają Dzisiaj w Betlejem
68%
Anioł Pański sam ogłosił te dziwyKtórych oni nie słyszeli, jak żywi Przybieżeli do Betlejem
64%
Nie ma kolebeczki, ani poduszeczki, We żłobie Mu położyła sianka pod główeczki. Jezus malusieńki
60%
Aniołowie się radują, pod niebosy wyśpiewują: Gloria, Gloria, Gloria in excelsis Deo! Gdy się Chrystus rodzi
57%
Ach, witaj Zbawco z dawna żądanyCztery tysiące lat wyglądany Wśród nocnej ciszy
57%
Narodzony Boży Syn Pan Wielkiego majestatu Cicha noc
55%
Śpiewajcie Aniołowie, pasterze, grajcie Mu Do szopy, hej pasterze
49%
Witaj, Dzieciąteczko w żłobie, Wyznajemy Boga w Tobie Pójdźmy wszyscy do stajenki
45%
Pastuszkowie przybywajcie, Jemu wdzięcznie przygrywajcie W żłobie leży
40%
Wszystko stworzenie śpiewaj Panu swemu Pomóż radości wielkiej sercu memu Gdy śliczna Panna
38%
Wieść okropna wieść to smutna Herod spisek knuje Mędrcy świata, monarchowie
34%
Oto leżący, przed nami śpiący W promieniach Jezus mały Mizerna, cicha
26%
Narodził się w ubóstwie Pan wszego stworzenia. Anioł pasterzom mówił
21%
Zbawicielu drogi, jakżeś to ubogi,Opuściłeś śliczne niebo, obrałeś barłogi Ach, ubogi żłobie
13%
Nie znaleziono quizów pasujących do podanych kryteriów
Rozkład punktacji
Procent ludzi z każdym wynikiem
Percentyl według liczby udzielonych odpowiedzi
Twoja historia wyników
Nie rozwiązałeś tego quizu